| 000 | 00649nam a2200193Ia 4500 | ||
|---|---|---|---|
| 003 | GCL | ||
| 008 | 140319s9999 xx 000 0 ara d | ||
| 040 |
_aGCL / _cGCL |
||
| 082 | 0 | 4 |
_a690.8 _bس ع |
| 100 | 1 | _aسيد محمد التونى | |
| 245 | 1 | 0 |
_aعن الاسكان والعمران: ابحاث مختارة من المؤتمرات الدولية / _cسيد محمد التونى |
| 700 | 1 | _aنسمات عبد القادر | |
| 260 |
_a[S.N] : _bالعربى للنشر والتوزيع ، _c1991 |
||
| 300 | _aمتعدد الصفحات | ||
| 490 | _a | ||
| 650 | 0 | 4 | _aالاسكان |
| 650 | 0 | 4 | _aالمؤتمرات |
| 942 |
_2ddc _cBK |
||
| 999 |
_c30470 _d30470 |
||